Alle "Wald"-Städte Deutschlands - Statistiken

Allgemein
  • Dieses Quiz wurde 348 mal gespielt
    148 seit der letzten Aktualisierung
  • Das Durchschnittsergebnis liegt bei 7 aus 31
Antwortstatistiken
- Einwohner Stadt BL % Korrekt
-wald 59.332 Greifswald MV
73%
-walde 41.103 Eberswalde BB
62%
-walde 32.120 Fürstenwalde/Spree BB
60%
-walde 15.748 Finsterwalde BB
46%
-walde 20.535 Luckenwalde BB
42%
Wald- 24.207 Waldshut-Tiengen BW
39%
Wald- 6.780 Waldeck HE
34%
Wald- 8.932 Waldheim SN
33%
Wald- 21.899 Waldkirch BW
33%
Wald- 23.957 Waldkraiburg BY
27%
Wald- 10.901 Waldkirchen BY
24%
Wald- 19.618 Waldbröl NW
22%
-wald 21.952 Radevormwald NW
21%
-walde 12.231 Bad Freienwalde (Oder) BB
20%
-walde 14.096 Dippoldiswalde SN
18%
Wald- 4.239 Waldkappel HE
15%
Wald- 6.643 Waldsassen BY
15%
-Wald- 20.175 Bad Waldsee BW
13%
-wald 3.133 Schönwald BY
13%
Wald- 6.607 Waldmünchen BY
13%
-walde 9.515 Mittenwalde BB
12%
Wald- 8.705 Waldenbuch BW
12%
Wald- 5.211 Waldmohr RP
9%
-walde 4.130 Geringswalde SN
8%
-walde- 6.084 Schirgiswalde-Kirschau SN
8%
-walde 3.034 Schönewalde BB
8%
Wald- 3.934 Waldenburg (Sachsen) SN
6%
-walde 4.415 Liebenwalde BB
5%
-walde 3.153 Sonnewalde BB
5%
Wald- 3.060 Waldenburg (Württemberg) BW
5%
Wald- 4.204 Waldershof BY
4%
Keine übereinstimmenden Quizze gefunden
Verteilung der Resultate
Anzahl Personen mit jedem Resultat
Perzentil nach korrekt beantworteten Fragen
Ihre Resultats-Entwicklung
Sie haben dieses Quiz seit der letzten Aktualisierung nicht gespielt